Radiation oncology : (رقم التسجيلة. 42688)

تفاصيل مارك
000 -الفاتح
حقل البيانات ثابتة الطول 01900cam a22003857a 4500
003 - محدد رقم الضبط
رقم الضبط OSt
005 - وقت وتاريخ اخر تعامل مع التسجيلة
رقم الضبط 20180829185541.0
008 - عناصر البيانات ثابتة الطول - معلومات عامة
حقل البيانات ثابتة الطول 070703s2008 nyua b 001 0 eng d
020 ## - الرقم الدولى المعيارى للكتب
الرقم الدولى المعيارى للكتاب 9780387726441 (hbk.)
020 ## - الرقم الدولى المعيارى للكتب
الرقم الدولى المعيارى للكتاب 9780387726458 (ebook)
020 ## - الرقم الدولى المعيارى للكتب
الرقم الدولى المعيارى للكتاب 0387726446 (hbk.)
040 ## - مصدر الفهرسة
وكالة الفهرسة الأصلية BTCTA
وكالة النسخ BTCTA
وكالة التعديل BAKER
-- YDXCP
-- MMU
-- EMU
-- DLC
لغة الفهرسة eng
042 ## - رمز التحقق
رمز التحقق lccopycat
050 00 - رقم طلب مكتبة الكونجرس
رقم التصنيف RC271.R3
رقم المادة G65 2008
082 00 - رقم تصنيف ديوى العشرى
رقم التصنيف 616.9940642
رقم الطبعة 22
رقم المادة GMR
100 1# - المدخل الرئيسى - إسم شخصى
الإسم الشخصى Goitein, Michael.
9 (RLIN) 64589
245 10 - بيان العنوان
العنوان Radiation oncology :
بقية العنوان a physicist's-eye view /
بيان المسئوليه,etc Michael Goitein.
260 ## - PUBLICATION, DISTRIBUTION, ETC. (IMPRINT)
مكان الناشر او الموزع New York :
اسم الناشر او الموزع Springer,
تاريخ النشر أو التوزيع c2008.
300 ## - الوصف المادى
التعداد xi, 330 p. :
تفاصيل ماديه اخرى للوعاء ill. (some col.) ;
أبعاد الوعاء 25 cm.
440 #0 - بيان السلسلة/مدخل إضافى-العنوان
العنوان Biological and medical physics, biomedical engineering
9 (RLIN) 18860
500 ## - تبصرة عامة
تبصرة عامة "AIP Press"--p. [4] of cover.
504 ## - تبصرة ببليوجرافية
تبصرة ببليوجرافية,الخ Includes bibliographical references (p. 311-321) and index.
505 0# - تبصرة محتويات-الفهرس
تبصرة المحتويات المصاغة Radiation in the treatment of cancer -- Uncertainty -- Mapping anatomy -- Designing a treatment beam -- Biology matters -- Designing a treatment plan -- Motion management -- Planning manually -- IMRT and optimization -- Proton therapy in water -- Proton therapy in the patient -- Quality assurance -- Confidence.
650 #0 - المدخل الاضافى بالموضوع-مصطلح موضوعى
مصطلح موضوعي أو اسم جغرافي كعنصر مدخل Cancer
التقسيم الفرعي العام Radiotherapy.
9 (RLIN) 64590
650 #0 - المدخل الاضافى بالموضوع-مصطلح موضوعى
مصطلح موضوعي أو اسم جغرافي كعنصر مدخل Medical physics.
9 (RLIN) 64591
650 12 - المدخل الاضافى بالموضوع-مصطلح موضوعى
مصطلح موضوعي أو اسم جغرافي كعنصر مدخل Health Physics.
9 (RLIN) 56336
650 12 - المدخل الاضافى بالموضوع-مصطلح موضوعى
مصطلح موضوعي أو اسم جغرافي كعنصر مدخل Neoplasms
التقسيم الفرعي العام radiotherapy.
9 (RLIN) 38289
650 22 - المدخل الاضافى بالموضوع-مصطلح موضوعى
مصطلح موضوعي أو اسم جغرافي كعنصر مدخل Radiation Oncology
التقسيم الفرعي العام methods.
9 (RLIN) 64433
856 42 - الوصول و الموقع الالكترونى
مواد محددة Contributor biographical information
معرف المصدر الموحد <a href="http://www.loc.gov/catdir/enhancements/fy0818/2007932210-b.html">http://www.loc.gov/catdir/enhancements/fy0818/2007932210-b.html</a>
856 42 - الوصول و الموقع الالكترونى
مواد محددة Publisher description
معرف المصدر الموحد <a href="http://www.loc.gov/catdir/enhancements/fy0818/2007932210-d.html">http://www.loc.gov/catdir/enhancements/fy0818/2007932210-d.html</a>
856 41 - الوصول و الموقع الالكترونى
مواد محددة Table of contents only
معرف المصدر الموحد <a href="http://www.loc.gov/catdir/enhancements/fy0818/2007932210-t.html">http://www.loc.gov/catdir/enhancements/fy0818/2007932210-t.html</a>
942 ## - عناصر المدخل الإضافي( كوها)
Koha [default] item type كتاب
906 ## - عنصر بيانات محلى F, LDF (RLIN)
a 7
b cbc
c copycat
d 2
e ncip
f 20
g y-gencatlg
المقتنيات
حالة الفقد نموذج السعر الفعال حالة تلف ليس للاعارة رقم الطلب تاريخ الاكتساب الموقع الحالي الباركود الفرع الرئيسي Date last seen نوع المادة فى نظام كوها مصدر التصنيف او خطة الترفيف Total Checkouts Date last checked out
  2018-08-29     616.9940642 GMR 2018-08-29 المكتبة المركزية بالمجمعة (CL) 00657547 المكتبة المركزية بالمجمعة (CL) 2018-08-29 كتاب Dewey Decimal Classification    
  2018-08-29     616.9940642 GMR 2018-08-29 المكتبة المركزية بالمجمعة (CL) 00657548 المكتبة المركزية بالمجمعة (CL) 2018-08-29 كتاب Dewey Decimal Classification    
  2018-08-29     616.9940642 GMR 2018-08-29 المكتبة المركزية بالمجمعة (CL) 00657549 المكتبة المركزية بالمجمعة (CL) 2018-08-29 كتاب Dewey Decimal Classification    
  2018-09-04     616.9940642 GMR 2018-09-04 مكتبة كلية العلوم الطبية التطبيقية بالمجمعة - طالبات (AMF) 00657866 مكتبة كلية العلوم الطبية التطبيقية بالمجمعة - طالبات (AMF) 2024-10-16 كتاب Dewey Decimal Classification 2 2024-10-14
  2018-09-04     616.9940642 GMR 2018-09-04 مكتبة كلية العلوم الطبية التطبيقية بالمجمعة - طالبات (AMF) 00657867 مكتبة كلية العلوم الطبية التطبيقية بالمجمعة - طالبات (AMF) 2024-10-16 كتاب Dewey Decimal Classification 2 2024-10-14